| 000 | 004270000a22001810004500 | ||
|---|---|---|---|
| 003 | MACL | ||
| 005 | 20150730165726.0 | ||
| 008 | 150730b xxu||||| |||| 00| 0 eng d | ||
| 040 |
_aMACL _cMACL |
||
| 041 | _aEnglish | ||
| 082 | _a338/SIN | ||
| 100 |
_aSingh, R A _9424 |
||
| 245 | _aPoultry Production | ||
| 260 |
_bKalyani Publishers _c1981 _aNew Delhi |
||
| 350 | _a36 | ||
| 650 |
_aProduction _93099 |
||
| 942 |
_cBK _k338 _2ddc |
||
| 999 |
_c6164 _d6164 |
||